Handbook of algebra (Record no. 68848)

MARC details
000 -LEADER
fixed length control field 00617 2200205 4500
005 - DATE AND TIME OF LATEST TRANSACTION
control field 20120305122222.0
008 - FIXED-LENGTH DATA ELEMENTS--GENERAL INFORMATION
fixed length control field 120305t xxu||||| |||| 00| 0 eng d
080 ## - UNIVERSAL DECIMAL CLASSIFICATION NUMBER
Universal Decimal Classification number 512
Item number HAZ
100 ## - MAIN ENTRY--PERSONAL NAME
Personal name Hazewinkel, M., ed.
Role ed.by
245 ## - TITLE STATEMENT
Title Handbook of algebra
300 ## - PHYSICAL DESCRIPTION
Extent xxv, 610p.
653 ## - INDEX TERM--UNCONTROLLED
Uncontrolled term Algebra
653 ## - INDEX TERM--UNCONTROLLED
Uncontrolled term Linear algebra
653 ## - INDEX TERM--UNCONTROLLED
Uncontrolled term Applied algebra
942 ## - ADDED ENTRY ELEMENTS (KOHA)
item type Books
260 ## - PUBLICATION, DISTRIBUTION, ETC. (IMPRINT)
Place of publication, distribution, etc Amsterdam
Name of publisher, distributor, etc Elsevier
Date of publication, distribution, etc 2009
500 ## - GENERAL NOTE
General note v.6
020 ## - INTERNATIONAL STANDARD BOOK NUMBER
International Standard Book Number 9780444532572
260 ## - PUBLICATION, DISTRIBUTION, ETC. (IMPRINT)
-- 13256
Holdings
Lost status Source of classification or shelving scheme Not for loan Home library Current library Shelving location Date acquired Cost, normal purchase price Total Checkouts Full call number Barcode Date last seen Cost, replacement price Price effective from Koha item type
  Universal Decimal Classification   University Library University Library General Stacks 14/03/2011 0.00   512 HAZ 00065950 14/03/2011 0.00 14/03/2011 Books
University Library, CUSAT